000 00712ntaaa2200217 4500
003 01
005 20251027200556.0
008 0714s1973 ag 01
040 _aAR-BaBN
_bspa
_cAR-BaBN
_eaacr
_dRIC
082 _a230.6 H65
100 _aHobbs, Herschel H.
245 _aWhat baptist believe. /
_cHerschel H. Hobbs
250 _a1 ed.
260 _aNashville. :
_bBroadman.,
_c1964.
300 _a128 p.
500 _a¿Que creen los bautistas sobre: Dios el Padre, Jesucristo, Dios el Espiritu Santo, la Biblia, el Hombre, la Iglesia, la salvacion, los ultimos tiempos, y otros?
650 _aBautistas-Creencias.
_9281
650 _aTeologia Bautista.
650 _aCreencias Bautistas.
_91489
942 _cBK
999 _c513
_d513